00318nam a2200109Ia 4500008004100000082001000041100001700051245003600068260003200104630003600136730003600172100328s9999 xx 000 0 und d b16922 aButher James aHistory of the Second World War bHer Majest Stations Of Fice aHistory of the Second World War aHistory of the Second World War